Breaking the conflict trap : civil war and development policy (Record no. 36108)

MARC details
000 -LEADER
fixed length control field 01092nam a2200337 a 4500
003 - CONTROL NUMBER IDENTIFIER
control field CBULib
005 - DATE AND TIME OF LATEST TRANSACTION
control field 20250603080016.0
008 - FIXED-LENGTH DATA ELEMENTS--GENERAL INFORMATION
fixed length control field 120416s2003 ||||||||||||||||| || u
020 ## - INTERNATIONAL STANDARD BOOK NUMBER
International Standard Book Number 9780821354810
040 ## - CATALOGING SOURCE
Original cataloging agency CBULib
Language of cataloging English
Transcribing agency CBULib
Description conventions rda
041 ## - LANGUAGE CODE
Language code of text/sound track or separate title eng
050 ## - LIBRARY OF CONGRESS CALL NUMBER
Classification number IBRD(06)PRR/2003/1
110 ## - MAIN ENTRY--CORPORATE NAME
9 (RLIN) 4491
Corporate name or jurisdiction name as entry element The World Bank(IBRD)
245 10 - TITLE STATEMENT
Title Breaking the conflict trap : civil war and development policy
Statement of responsibility, etc / by The World Bank(IBRD)
260 ## - PUBLICATION, DISTRIBUTION, ETC. (IMPRINT)
Place of publication, distribution, etc Washington :
Name of publisher, distributor, etc World Bank,
Date of publication, distribution, etc 2003.
300 ## - PHYSICAL DESCRIPTION
Extent xv, 221 pages : illustrations
336 ## - CONTENT TYPE
Source rdacontent
Content type term Text |
Content type code txt
337 ## - MEDIA TYPE
Source rdamedia
Media type term Unmediated |
Media type code n
338 ## - CARRIER TYPE
Source rdacarrier
Carrier type term Volume
Carrier type code nc
490 ## - SERIES STATEMENT
Series statement World Bank policy research report
650 ## - SUBJECT ADDED ENTRY--TOPICAL TERM
Topical term or geographic name as entry element CIVIL WAR
650 ## - SUBJECT ADDED ENTRY--TOPICAL TERM
Topical term or geographic name as entry element CIVIL WAR -- DEVELOPMENT
700 ## - ADDED ENTRY--PERSONAL NAME
9 (RLIN) 4620
Personal name Collier, Paul
700 ## - ADDED ENTRY--PERSONAL NAME
9 (RLIN) 4621
Personal name Elliot, V.L.
700 ## - ADDED ENTRY--PERSONAL NAME
9 (RLIN) 4622
Personal name Hegre, HÃ¥vard
700 ## - ADDED ENTRY--PERSONAL NAME
9 (RLIN) 4623
Personal name Hoeffler, Anke
700 ## - ADDED ENTRY--PERSONAL NAME
9 (RLIN) 4626
Personal name Reynal-Querol, Marta
700 ## - ADDED ENTRY--PERSONAL NAME
9 (RLIN) 4627
Personal name Sambanis, Nicholas
942 ## - ADDED ENTRY ELEMENTS (KOHA)
Source of classification or shelving scheme
Koha item type INTERNATIONAL PUBLICATIONS
Holdings
Withdrawn status Lost status Source of classification or shelving scheme Damaged status Not for loan Collection code Permanent Location Current Location Shelving location Date acquired Source of acquisition Full call number Barcode Date last seen Copy number Price effective from Koha item type
          Special Collections CBU-MAIN LIBRARY, KITWE. CBU-MAIN LIBRARY, KITWE. Special Collections 11/30/2022 DEP-IBRD IBRD(06)PRR/2003/1 52241 11/30/2022 1 11/30/2022 INTERNATIONAL PUBLICATIONS